Codici. Una riflessione di fine millennio. Atti dell'incontro di studio. Firenze, 26-28 ottobre 2000.
में बचाया:
| मुख्य लेखकों: | , |
|---|---|
| स्वरूप: | पुस्तक |
| भाषा: | इतालवी |
| प्रकाशित: |
Milano, Italia:
Giuffré,
2002.
|
| श्रृंखला: | Per la Storia del Pensiero Giuridico Moderno, 61.
|
| विषय: | |
| टैग: |
टैग जोड़ें
कोई टैग नहीं, इस रिकॉर्ड को टैग करने वाले पहले व्यक्ति बनें!
|
MARC
| LEADER | 00000cam a2200000 a 4500 | ||
|---|---|---|---|
| 001 | UCC2344 | ||
| 003 | CL-VaPUC | ||
| 005 | 20220822114416.0 | ||
| 008 | 180119e20020000it 1 ita d | ||
| 999 | |c 384927 |d 384925 | ||
| 020 | |a 88-14-09445-4 | ||
| 040 | |c Pontificia Universidad Católica de Valparaíso | ||
| 082 | 0 | 4 | |a 340.09 COD 2000 |2 21 |
| 100 | |a Cappellini, Paolo |9 481557 |e author | ||
| 245 | 1 | 0 | |a Codici. Una riflessione di fine millennio. |b Atti dell'incontro di studio. Firenze, 26-28 ottobre 2000. |
| 260 | |a Milano, Italia: |b Giuffré, |c 2002. | ||
| 300 | |a 602 páginas. | ||
| 490 | 0 | |a Per la Storia del Pensiero Giuridico Moderno, 61. | |
| 500 | |a c.2 Donación Familia Prof. Alejandro Guzmán Brito. | ||
| 536 | |a Universite di Firenze | ||
| 546 | |a En Italiano | ||
| 583 | |a last modification |c 20190909 09:43:15 |k Rodrigo Vera | ||
| 650 | 0 | 0 | |a Historia del derecho |9 255109 |
| 650 | 0 | 0 | |a Fuentes del derecho |9 255162 |
| 700 | |a Sordi, Bernardo |9 481559 |e author | ||
| 942 | |c BK |2 ddc |n 0 | ||
| 945 | |a dcastane |d 20180119 15:30:00 | ||
| 952 | |0 0 |1 0 |3 erb |4 0 |6 340_090000000000000_COD_2002 |7 0 |8 DER_HDC |9 507939 |a BIBDER |b BIBDER |i 5451353 |l 1 |o 340.09 COD 2002 |p 5451353 |r 2020-03-20 |s 2020-03-19 |w 2020-01-23 |x Ubicación 4to Piso |y BK |z Estos recursos deben solicitarse con anticipación |k DER | ||
| 952 | |0 0 |1 0 |2 ddc |4 0 |6 340_090000000000000_COD_2000 |7 1 |8 C_AGB |9 579768 |a BIBDER |b BIBDER |d 2021-12-22 |e Donación |i 5631041 |o 340.09 COD 2000 |p 5631041 |r 2023-01-25 |t 2 |w 2021-12-22 |y BK_US |k AGB | ||